| 000 | 00623nam a2200181Ii 4500 | ||
|---|---|---|---|
| 003 | JO-AjNU | ||
| 008 | 230605s9999||||xx |||||||||||||| ||und|| | ||
| 040 |
_aJO-AjNU _bara _erda _cJO-AjNU |
||
| 041 | _aara | ||
| 050 | 1 | 4 | _aLA1491 2016 |
| 245 | 0 | 0 | _aتيوننج الشرق الأوسط وشمال أفريقيا |
| 264 | 3 | 1 | _aبلباو: جامعة ديوستو، 2016 |
| 300 | _a51ص | ||
| 336 |
_atext _btxt _2rdacontent |
||
| 337 |
_aunmediated _bn _2rdamedia |
||
| 338 |
_avolume _bnc _2rdacarrier |
||
| 650 | 4 |
_aالتربية والتعليم -ورش عمل-الشرق الاوسط -شمال افريقيا _957425 |
|
| 999 |
_aA25731 _c29299 _d29299 |
||